000
00229nam a2200097Ia 4500
008
240331s9999 xx 000 0 und d
082
_a
299.9
_b
MUL
100
_a
Muller, F.M
245
0
_a
Theosophy or psychologycal religion
942
_c
L
999
_c
948
_d
948